Technical Communication: (Record no. 211521)

MARC details
000 -LEADER
fixed length control field 00712naa a2200217 4500
005 - DATE AND TIME OF LATEST TRANSACTION
control field 20250603103627.0
010 ## - LCCN (DPL NO)
LC control number ENG-145130
020 ## - INTERNATIONAL STANDARD BOOK NUMBER
International Standard Book Number 9780195668049
Terms of availability 285.00
035 ## - SYSTEM CONTROL NUMBER
System control number EN-128662
037 ## - SOURCE OF ACQUISITION
Source of stock number/acquisition DBAD
082 ## - DEWEY DECIMAL CLASSIFICATION NUMBER
Edition number 32
Classification number 808.0666
100 ## - MAIN ENTRY--PERSONAL NAME
Personal name Raman, Meenakshi
245 1# - TITLE STATEMENT
Title Technical Communication:
Statement of responsibility, etc Meenakshi Raman [and] Sangeeta Sharma
Remainder of title Principles and Practice/
250 ## - EDITION STATEMENT
Edition statement 32
260 ## - PUBLICATION, DISTRIBUTION, ETC. (IMPRINT)
Place of publication, distribution, etc New Delhi
Name of publisher, distributor, etc Oxford University Press
Date of publication, distribution, etc 2010
270 ## - ADDRESS
Address YMCA library Building, Jai Singh Road,
City New Delhi
Postal code 110001
300 ## - PHYSICAL DESCRIPTION
Extent viii, 599p.
Dimensions 24cm(pb)
500 ## - GENERAL NOTE
General note Includes index
700 ## - ADDED ENTRY--PERSONAL NAME
Personal name Sharma, Sangeeta
9 (RLIN) 30005
Relator term Author
942 ## - ADDED ENTRY ELEMENTS (KOHA)
Institution code [OBSOLETE] dpl
Item type English Books
Source of classification or shelving scheme Dewey Decimal Classification
Call number suffix RAM
Classification part 808.0666
Holdings
Withdrawn status Lost status Not for loan Collection code Home library Current library Date acquired Source of acquisition Cost, normal purchase price Full call number Barcode Copy number Cost, replacement price Koha item type
      Non-fiction New Police Line New Police Line 03/06/2025 Delivery of Books Act Division 285.00 RAM 808.0666 EN-128662 1 285.00 English Books

© Delhi Public Library
Hit Counter
free hit counter